Tilastot visalle Suomen kuntia ruotsiksi

Klikkaa tästä pelataksesi tätä visaa!

Yleistilastot

  • Tätä visaa on pelattu 880 kertaa
  • Keskiarvotulos 33 / 90

Vastaustilastot

KuntaKommun% Oikein
HelsinkiHelsingfors
95%
EspooEsbo
93%
TurkuÅbo
87%
TampereTammerfors
83%
VaasaVasa
80%
HankoHangö
77%
VantaaVanda
77%
OuluUleåborg
74%
PorvooBorgå
68%
MaarianhaminaMariehamn
67%
HämeenlinnaTavastehus
65%
LahtiLahtis
64%
UusikaarlepyyNykarleby
64%
SipooSibbo
63%
Pedersören kuntaPedersöre
62%
PoriBjörneborg
60%
HyvinkääHyvinge
60%
NärpiöNärpes
60%
KokkolaKarleby
59%
UusikaupunkiNystad
57%
TornioTorneå
57%
InkooIngå
54%
LohjaLojo
53%
LoviisaLovisa
51%
RaaseporiRaseborg
51%
YlitornioÖvertorneå
50%
KristiinankaupunkiKristinestad
48%
MaalahtiMalax
48%
ParainenPargas
47%
KeravaKervo
46%
TuusulaTusby
46%
KauniainenGrankulla
45%
KirkkonummiKyrkslätt
45%
PietarsaariJakobstad
44%
NaantaliNådendal
44%
MikkeliS:t Michel
43%
KajaaniKajana
41%
LappeenrantaVillmanstrand
40%
IkaalinenIkalis
35%
KruunupyyKronoby
35%
SiuntioSjundeå
35%
LapuaLappo
33%
SavonlinnaNyslott
31%
RaumaRaumo
31%
IsojokiStorå
31%
InariEnare
30%
PyhtääPyttis
30%
VöyriVörå
30%
IisalmiIdensalmi
29%
KaskinenKaskö
29%
IsokyröStorkyro
29%
VihtiVichtis
28%
JoroinenJorois
27%
LapinjärviLappträsk
26%
RaaheBrahestad
25%
KaarinaS:t Karins
25%
HaminaFredrikshamn
24%
KemiönsaariKimitoön
24%
RaisioReso
24%
JärvenpääTräskända
24%
KustaviGustavs
23%
MustasaariKorsholm
23%
IlomantsiIlomants
22%
PirkkalaBirkala
21%
LuotoLarsmo
20%
EnontekiöEnontekis
19%
LiminkaLimingo
19%
HämeenkyröTavastkyro
19%
UlvilaUlvsby
18%
KaustinenKaustby
17%
MyrskyläMörskom
16%
PomarkkuPåmark
16%
ÄhtäriEtseri
15%
LaihiaLaihela
15%
NousiainenNousis
14%
EurajokiEuraåminne
13%
JokioinenJockis
13%
PaimioPemar
13%
VirratVirdois
13%
LietoLundo
12%
SauvoSagu
12%
VeteliVetil
12%
KarkkilaHögfors
11%
HailuotoKarlö
11%
PornainenBorgnäs
10%
KokemäkiKumo
10%
MerikarviaSastmola
10%
TeuvaÖstermark
9%
KarijokiBötom
6%
TaivassaloTövsala
6%

Tulosjakauma

Persentiili vastausten määrän mukaan

Jokaisen tuloksen saaneiden osuus

Tuloshistoriasi

Et ole pelannut tätä visaa